Sports Quiz

Random Sports or Baseball Quiz

San Francisco Giants Opening Day Pitchers Quiz Stats

 Plays Quiz Updated Apr 1, 2019

Score 0/62 Timer 10:00
0 Plays Today
Year Starter % Correct
2019Madison Bumgarner
90.9%
2009Tim Lincecum
89.3%
2011Tim Lincecum
89.1%
2012Tim Lincecum
89.1%
2014Madison Bumgarner
89.1%
2015Madison Bumgarner
89.1%
2016Madison Bumgarner
89.1%
2017Madison Bumgarner
89.1%
2010Tim Lincecum
88.2%
2013Matt Cain
78.6%
1962Juan Marichal
62.1%
1964Juan Marichal
62.1%
1965Juan Marichal
62.1%
1966Juan Marichal
62.1%
1967Juan Marichal
62.1%
1968Juan Marichal
62.1%
1969Juan Marichal
62.1%
1971Juan Marichal
62.1%
1972Juan Marichal
62.1%
1973Juan Marichal
62.1%
2007Barry Zito
49.1%
2008Barry Zito
49.1%
2005Jason Schmidt
46.1%
2006Jason Schmidt
46.1%
1970Gaylord Perry
39.1%
1989Rick Reuschel
30.5%
1990Rick Reuschel
30.5%
1960Sam Jones
28.4%
1961Sam Jones
28.4%
1979Vida Blue
25.2%
1981Vida Blue
25.2%
Year Starter % Correct
2000Livan Hernandez
24.9%
2001Livan Hernandez
24.9%
2002Livan Hernandez
24.9%
1983Mike Krukow
23.3%
1986Mike Krukow
23.3%
1987Mike Krukow
23.3%
2018Ty Blach
22.4%
1991John Burkett
21.7%
1993John Burkett
21.7%
1994John Burkett
21.7%
1976John Montefusco
21.6%
1977John Montefusco
21.6%
1978John Montefusco
21.6%
1988Dave Dravecky
19.9%
2003Kirk Rueter
19.7%
2004Kirk Rueter
19.7%
1992Bill Swift
19%
1985Atlee Hammaker
17.9%
1984Mark Davis
16%
1998Shawn Estes
14.4%
1997Mark Gardner
10.8%
1999Mark Gardner
10.8%
1995Terry Mulholland
10.1%
1975Jim Barr
9.7%
1963Jack Sanford
9.3%
1996Mark Leiter
8.2%
1959Johnny Antonelli
8%
1980Bob Knepper
7.8%
1958Ruben Gomez
6.7%
1982Al Holland
5.3%
1974Tom Bradley
4.6%

You're not logged in!

Compare scores with friends on all Sporcle quizzes.
OR
Log In

You Might Also Like...

Show Comments

Extras

Top Quizzes Today


Score Distribution

Your Account Isn't Verified!

In order to create a playlist on Sporcle, you need to verify the email address you used during registration. Go to your Sporcle Settings to finish the process.

Report this User

Report this user for behavior that violates our Community Guidelines.

Details: